| 000 | 00522nam a2200205Ia 4500 | ||
|---|---|---|---|
| 003 | GCL | ||
| 008 | 140319s9999 xx 000 0 eng d | ||
| 040 |
_aGCL / _cGCL |
||
| 082 | 0 | 4 |
_a703 _bH A |
| 100 | 1 | _aHELMY AZEEZ | |
| 245 | 1 | 0 |
_aA DICTIONARY OF ARCHAELOGICAL & ARTISTIC TERMS / _cHELMY AZEEZ |
| 700 | 1 | _aMOHAMED GHIETAS | |
| 700 | 1 | _aMOHAED ABDEL SATTAR OSMAN | |
| 700 | 1 | _aWAGDY RIZK GHALI | |
| 300 | _a197 P | ||
| 650 | 0 | 4 | _aARTS - DICTIONARY |
| 650 | 0 | 4 | _aARTS |
| 650 | 0 | 4 | _aARTS, HISTORY |
| 942 |
_2ddc _cBK |
||
| 999 |
_c12944 _d12944 |
||